Statistics for FA Cup Winning Managers

Click here to take the quiz!

General Stats

  • This quiz has been taken 988 times
    (246 since last reset)
  • The average score is 28 of 91

Answer Stats

Manager% Correct
Arsène Wenger OBE
97%
Sir Alex Ferguson
97%
Jürgen Klopp
95%
Pep Guardiola
93%
José Mourinho
90%
Brendan Rodgers
85%
Mikel Arteta
85%
Roberto Mancini
81%
Antonio Conte
77%
Louis Van Gaal
75%
Rafael Benítez
74%
Carlo Ancelotti
70%
Kenny Dalglish MBE
69%
Harry Redknapp
66%
Roberto Martínez
65%
Roberto Di Matteo
62%
Bill Shankly OBE
59%
George Graham
59%
Gérard Houllier OBE
55%
Sir Bobby Robson
53%
Graeme Souness
52%
Ron Atkinson
52%
Ruud Gullit
51%
Howard Kendall
50%
Sir Matt Busby
50%
Terry Venables
49%
Don Revie OBE
47%
Guus Hiddink
47%
Joe Smith
46%
Gianluca Vialli
45%
Joe Royle
40%
Tommy Docherty
39%
Bob Stokoe
33%
Keith Burkinshaw
33%
Lawrie McMenemy MBE
33%
Bill Nicholson OBE
32%
Bobby Gould
32%
John Nicholson
32%
Dave Sexton OBE
31%
John Lyall
31%
Ron Greenwood CBE
31%
Bertie Mee OBE
30%
Joe Mercer OBE
30%
Terry Neill
29%
Herbert Chapman
28%
George Ramsay
27%
John Sillett
27%
Harry Catterick
20%
Stan Cullis
19%
George Allison
16%
James Taylor
16%
Billy Walker
11%
Alan Ashman
7%
C. W. Alcock
5%
Eric Houghton
5%
Fred Stewart
5%
Jack Hunter
5%
Jack Tinn
5%
Jimmy Seed
5%
John Cameron
5%
Stan Seymour
5%
Tom Harris
5%
Wilf Wild
5%
Bill Ridding
4%
Ernest Mangnall
4%
Les McDowall
4%
Thomas Mitchell
4%
Tom Whittaker MBE
4%
Andy Cunningham
3%
Arthur Fairclough
3%
Bob Crompton
3%
Charles Foweraker
3%
Doug Livingstone
3%
Fred Everiss
3%
Jack Addenbrooke
3%
Jarvis Kenrick
3%
Johnny Cochrane
3%
Peter O'Rourke
3%
Stuart McMillan
3%
Vic Buckingham
3%
Will Cuff
3%
Arthur Dickinson
2%
Frank Watt
2%
Harry Haslam
2%
H.S. Hamer
2%
John Haworth
2%
Louis Ford
2%
Major William Sudell
2%
Peter McWilliam
2%
Thomas H. McIntosh
2%
Tom Maley
2%

Score Distribution

Percentile by Number Answered

Percent of People with Each Score

Your Score History

You have not taken this quiz since the last reset